00471nam a2200145Ia 4500008004100000245009200041260001700133260000900150300000900159650002300168650001200191856003000203999001900233952007300252170516s9999 xx 000 0 und d aCan MicroRNAs Improve the Management of Lung Cancer Patients? A Clinician's Perspective bTheranostics c2013 a3:12 xMedical Technology xMedtech uhttp://www.thno.org/v3i12 c330062d330062 001040aCLbCLd2017-05-16l0r2017-05-16 00:00:00w2017-05-16yFOJ